000 00816nam0a22002531 4500
001 rc\1179839
005 20250622211722.0
035 _a(NLR Aleph) 006422065
090 _a5459028
_c5459028
100 _a20041129d1980 |||y0rusy50 ca
101 0 _arus
102 _aRU
105 _aa |||||||||
200 1 _aОпыт совхоза "Томпонский" по интенсификации оленеводства
210 _aЯкутск
_cКн. изд-во
_d1980
215 _a71 с.
_cил.
_d20
320 _aБиблиогр.: с. 70
700 1 _aКладкин
_bВ.М.
_gВасилий Михайлович
701 1 _aКурилюк
_bА.Д.
_gАлександр Данилович
801 0 _aRU
_bNLR
_gpsbo
801 1 _aRU
_bELAR
_2rusmarc
852 _aNLR
_j80-4/31181
942 _cBOOK
980 _aNB